Control, Controlling and Its Objectives in the Organization

Definovanie a porovnanie definícií a cieľov manažérskej kontroly. Prehľad skúmaných oblastí a vymedzenie základných oblastí manažérskej funkcie riadenia a kontroly. Identifikácia názorov rôznych autorov týchto pojmov.

Gespeichert in:
Bibliographische Detailangaben
1. Verfasser: Dědečková, Nina, 1994-
Format: Buchkapitel
Sprache:Englisch
Schlagworte:
Tags: Tag hinzufügen
Keine Tags, Fügen Sie das erste Tag hinzu!

MARC

LEADER 00000naa$a2200000$$$4500
001 0270245
005 20240502083811.8
041 0 |a eng 
044 |a FR 
245 1 0 |a Control, Controlling and Its Objectives in the Organization  |c Nina Dědečková 
520 |a Definovanie a porovnanie definícií a cieľov manažérskej kontroly. Prehľad skúmaných oblastí a vymedzenie základných oblastí manažérskej funkcie riadenia a kontroly. Identifikácia názorov rôznych autorov týchto pojmov. 
610 2 0 |a kontrola 
610 2 0 |a organizácia 
610 2 0 |a riadenie 
100 1 |a Dědečková, Nina, 1994-